00383nam a22001577a 4500008004500000020001800045082001500063100002600078245001900104250001200123260002500135300001000160650001800170650001700188650002000205260327b 2026 ||||| |||| 00| 0 eng d a9789390168132 a512.5bFRI aFriedberg, stephen. h aLinear algebra a5th ed. aNoidabPearsonc2026 a594p. aVector spaces aDeterminants aDiagonalization